000 00255nam a2200109Ia 4500
008 190216s9999||||xx |||||||||||||| ||und||
100 _aJoseph George
245 0 _aSalomi
260 _bThe Educational Supplies
650 _aMalayalam Nadakam
942 _cBK
999 _c24133
_d24133